LEADER 02418nam 2200517 450 001 9910467852703321 005 20200520144314.0 010 $a3-11-055889-0 024 7 $a10.1515/9783110559811 035 $a(DE-B1597)487237 035 $a(OCoLC)1024050313 035 $a(DE-B1597)9783110559811 035 $a(MiAaPQ)EBC5157882 035 $a(Au-PeEL)EBL5157882 035 $a(CaPaEBR)ebr11508858 035 $a(OCoLC)1023544815 035 $a(EXLCZ)994100000001966072 100 $a20180228h20182018 uy 0 101 0 $aeng 135 $aur||||||||||| 181 $2rdacontent 182 $2rdamedia 183 $2rdacarrier 200 10$aPower-to-gas $erenewable hydrogen economy /$fDr. Meziane Boudellal 210 1$aBerlin, [Germany] ;$aBoston, [Massachusetts] :$cDe Gruyter,$d2018. 210 4$dİ2018 215 $a1 online resource (226 pages) $cillustrations 300 $aIncludes index. 311 $a3-11-055881-5 311 $a3-11-055981-1 327 $tFrontmatter -- $tForeword -- $tContents -- $tIntroduction -- $t1. Global energy consumption -- $t2. Electricity of renewable origin -- $t3. Principle of power-to-gas -- $t4. Electrolysis -- $t5. Power-to-gas strategies -- $t6. Beyond power-to-gas -- $t7. Power-to-gas experiments -- $t8. Financial approach to power-to-gas -- $t9. Role of power-to-gas in energy transition -- $tAcronyms -- $tIndex 330 $aWith the development of renewable electricity and the expected important surpluses of production, how can the use of hydrogen improve the green energy portfolio? Power-to-Gas covers the production of hydrogen through electrolysis and its storage or conversion in another form (gas, chemicals or fuels). It emphasises the need for new technologies with global energy consumption, markets, and logistics concepts. Pilot projects around the world are discussed as well as how policy and economics influence the real use of these energy harvesting and conversion technologies. 606 $aHydrogen as fuel 606 $aElectrochemistry, Industrial 608 $aElectronic books. 615 0$aHydrogen as fuel. 615 0$aElectrochemistry, Industrial. 676 $a665.81 700 $aBoudellal$b Me?ziane$01057538 801 0$bMiAaPQ 801 1$bMiAaPQ 801 2$bMiAaPQ 906 $aBOOK 912 $a9910467852703321 996 $aPower-to-gas$92492926 997 $aUNINA LEADER 01540nam 22005294a 450 001 9910456342603321 005 20200520144314.0 010 $a1-59327-016-X 035 $a(CKB)111086906337552 035 $a(CtWfDGI)bks00002636 035 $a(SSID)ssj0000277435 035 $a(PQKBManifestationID)11209189 035 $a(PQKBTitleCode)TC0000277435 035 $a(PQKBWorkID)10240490 035 $a(PQKB)11037629 035 $a(MiAaPQ)EBC3017613 035 $a(Au-PeEL)EBL3017613 035 $a(CaPaEBR)ebr10026003 035 $a(OCoLC)923652478 035 $a(EXLCZ)99111086906337552 100 $a20030113d2003 uy 0 101 0 $aeng 135 $aurzn|||||| 181 $ctxt 182 $cc 183 $acr 200 14$aThe book of Wi-Fi$b[electronic resource] $einstall, configure, and use 802.11b wireless networking /$fJohn Ross 210 $aSan Francisco $cNo Starch Press$dc2003 215 $axvii, 260 p. $cill 300 $aIncludes index. 311 $a1-886411-45-X 606 $aWireless LANs$xInstallation 606 $aWireless LANs$xStandards 606 $aIEEE 802.11 (Standard) 608 $aElectronic books. 615 0$aWireless LANs$xInstallation. 615 0$aWireless LANs$xStandards. 615 0$aIEEE 802.11 (Standard) 676 $a004.6/8 700 $aRoss$b John$f1947-$0902387 801 0$bMiAaPQ 801 1$bMiAaPQ 801 2$bMiAaPQ 906 $aBOOK 912 $a9910456342603321 996 $aThe book of Wi-Fi$92159756 997 $aUNINA